Sports Quiz

Random Sports Quiz
Score 0/10 Timer 10:00
0 Plays Today
Touchdowns Player % Correct
41Darren McFadden
100%
36Alex Collins
88.2%
24Matt Jones
77.9%
26Cedric Cobbs
64.7%
25Madre Hill
64.7%
24Chrys Chukwuma
20.6%
38James Rouse
19.1%
46Bill Burnett
16.2%
30Ben Cowins
16.2%
25David Dickey
5.9%
Come Together.
Have Fun.
All Virtual.
We all need to come together. Play Sporcle's virtual live trivia to have fun, connect with people, and get your trivia on. Join a live hosted trivia game for your favorite pub trivia experience done virtually. If a virtual private party is more your thing, go here for details.

You're not logged in!

Compare scores with friends on all Sporcle quizzes.
OR
Log In

Sporcle TV

Today on Sporcle TV


Watch our educational content, quiz creation guides, and fun videos on Sporcle TV.

Show Comments

Extras

Top Quizzes Today


Score Distribution

Paid Content

Your Account Isn't Verified!

In order to create a playlist on Sporcle, you need to verify the email address you used during registration. Go to your Sporcle Settings to finish the process.

Report this User

Report this user for behavior that violates our Community Guidelines.

Details: